00642nam a2200253Ia 4500008004100000020001500041050001400056100002300070245003200093245005600125260001900181260001600200260000900216300001400225300002600239300001000265440002700275500000900302650001300311650002200324700001900346700001200365700001100377181129s9999 xx 000 0 und d a0439441528 bB471 2002 aBennett, Elizabeth 4aThe biggest snowman ever! / 0cby Elizabeth Bennett ; illustrated by Thomas Payne. aNew York, NY : bScholastic, c2002 aunpaged : bcolor illustrations ; c22cm. aHello reader! Level 1. a220L aSnowmen. aStories in rhyme. aPayne, Thomas. aSeries. aTitle.